| 000 | 00671nam a2200241 a 4500 | ||
|---|---|---|---|
| 999 |
_c6218 _d6218 |
||
| 001 | 6218 | ||
| 003 | BD-JhCC | ||
| 005 | 20180120171947.0 | ||
| 008 | 180117s1985 N a|||| || | 001 0 eng d | ||
| 020 | _a0442281846 | ||
| 035 | _a(BD-JhCC)6218 | ||
| 040 |
_aBD-JhCC _dBD-JhCC |
||
| 041 | _aeng | ||
| 082 |
_a621.38417 _bSKO 1985 |
||
| 100 | _aSkomal, Edward N. | ||
| 245 |
_aMeasuring The Radio Frequency Environment / _cEdward N. Skomal & Albert A. Smith, Jr. |
||
| 260 |
_aNew York : _bVan Nostrand Reinhold Company, _c1985 |
||
| 300 |
_a368 p. : _c24 cm. |
||
| 650 | _aRadio Measurements | ||
| 700 | _aSmith, Albert A. Jr. | ||
| 942 |
_2ddc _cBK |
||